The Nobel reader : short fiction, poetry, and prose by Nobel laureates in literature /

Bibliographic Details
Other Authors: Eisen, Jonathan, Troy, Stuart
Format: Book
Language:English
Published: New York : C.N. Potter : 1987.
Subjects:

MARC

Tag First Indicator Second Indicator Subfields
LEADER 00000cam a22000008a 4500
001 in00000010876
005 20151007051933.0
008 870213s1987 nyu 00000 eng
010 |a  87002448  
020 |a 0517563517 
035 |a (OCoLC)15252153 
035 |9 AAA5538AM 
040 |a DLC  |c DLC  |d m/c  |d TXA  |d UtOrBLW 
049 |a TXAM  |c [A11035081] 
050 0 0 |a PN6014  |b .N57 1987 
082 0 |a 808.8/004  |2 19 
245 0 4 |a The Nobel reader :  |b short fiction, poetry, and prose by Nobel laureates in literature /  |c edited by Jonathan Eisen and Stuart Troy. 
264 1 |a New York :  |b C.N. Potter :  |c 1987. 
264 2 |a New York :  |b Distributed by Crown Publishers, 
300 |a x, 338 pages 
336 |a text  |b txt  |2 rdacontent 
337 |a unmediated  |b n  |2 rdamedia 
338 |a volume  |b nc  |2 rdacarrier 
650 0 |a Literature, Modern  |y 20th century. 
650 0 |a Nobel Prizes. 
700 1 |a Eisen, Jonathan. 
700 1 |a Troy, Stuart. 
999 |a MARS 
999 f f |s b7361b78-8e90-371e-8642-0d36245ce6a6  |i 04cfbc2f-61ed-3a9c-a9d0-45323af59ed1  |t 0 
952 f f |p ric  |a Texas A&M University  |b Rellis Campus  |c Joint Library Facility  |d Remote Storage  |t 0  |e PN6014 .N57 1987  |h Library of Congress classification  |i unmediated -- volume  |m A14811035081 
998 f f |a PN6014 .N57 1987  |t 0  |l Remote Storage